000 00758nam a22001337a 4500
040 _cRUA
082 _aAGR SON 2012 B052 Or.1
100 _aSONG YUHORNG
245 _aComparison of rangpur lime seedling crowth in plastic BAG with differences pod mixtures for root stock,(ប្រៀបធៀបការលូតលាស់កូនដំណាំក្រូចឆ្មារជប៉ុន ក្នុងថង់បណ្ដុះ ដែលមានល្បាយអាហារចិញ្ចឹមខុសគ្មាសំរាប់ធ្វើជើងទំរ)
260 _aphnom penh
_bRUA
_c2012
300 _ax, 40p.
_cill.
856 _uhttps://drive.google.com/file/d/11GIevCj2b04bjn7fLFXjpVuIIV3Fpy51/view?usp=sharing
942 _cAGR
999 _c1194
_d1194